00776nam a2200217 a 4500001000200000003000900002005001700011008003200028040002600060082003000086100003000116245006000146246004100206260003600247300002000283490002400303500000600327600007200333651007800405710007500483 DO-SdBNP20221005101812.0140508s1997 dr 000 0 spa d aDO-SdBNPbspacBPMSU  4a923.27293bB719C 19972221 aCassá, Roberto, d1948-10aApología a Pedro Francisco Bonó /cRoberto Cassá.14aApología de Pedro Francisco Bonó aSanto Domingo :bFLACSO,c1997. a32 p. ;c22 cm.0 aFLACSO conferencias 3 14aBonó, Pedro Francisco, d1828-1906xCrítica e interpretación  4aRepública Dominicana xHistoriay1865-1916vEnsayos, conferencias, etc.2 aFacultad Latinoamericana de Ciencias Sociales (República Dominicana)